书目信息 |
| 题名: |
英美名诗解读
|
|
| 作者: | 刘守兰 编著 | |
| 分册: | ||
| 出版信息: | 上海 上海外语教育出版社 2003.02 |
|
| 页数: | 604页 | |
| 开本: | 21cm | |
| 丛书名: | ||
| 单 册: | ||
| 中图分类: | I106.2 , I712.072 | |
| 科图分类: | ||
| 主题词: | 诗歌--文学欣赏--英国 , 诗歌--文学欣赏--美国 , 文学 | |
| 电子资源: | ||
| ISBN: | 7-81080-624-6 | |
| 000 | 00849nam0 2200277 45 | |
| 001 | 012003000000 | |
| 005 | 20050112145336.01 | |
| 010 | @a7-81080-624-6@dCNY 27.50 | |
| 100 | @a20031113d2003 em y0chiy0121 ea | |
| 101 | 0 | @achi@aeng |
| 102 | @aCN@b310000 | |
| 105 | @ay z 001gy | |
| 200 | 1 | @a英美名诗解读@Aying mei ming shi jie du@f刘守兰编著 |
| 210 | @a上海@c上海外语教育出版社@d2003.02 | |
| 215 | @a604页@d21cm | |
| 320 | @a本书含索引和主要参考书籍(第591-604页) | |
| 330 | @a本书内容包括: 咏物篇, 人物篇, 城市篇, 田园篇, 山水篇, 四季篇, 情感篇, 爱情篇等内容…… | |
| 606 | 0 | @a诗歌@x文学欣赏@y英国 |
| 606 | 0 | @a诗歌@x文学欣赏@y美国 |
| 606 | 0 | @a文学 |
| 690 | @aI106.2@v4 | |
| 690 | @aI712.072@v3 | |
| 701 | 0 | @a刘守兰@Aliu shou lan@4编著 |
| 801 | 0 | @aCN@bQSSKz@c20050112 |
| 905 | @dI712.072@eL670 | |
| 906 | @dCNY27.50@n3@r1 | |
| 英美名诗解读/刘守兰编著.-上海:上海外语教育出版社,2003.02 |
| 604页;21cm |
| ISBN 7-81080-624-6:CNY 27.50 |
| 本书内容包括: 咏物篇, 人物篇, 城市篇, 田园篇, 山水篇, 四季篇, 情感篇, 爱情篇等内容…… |
| ● |
| 相关链接 |
|
|
|
正题名:英美名诗解读
索取号:I712.072/L670
 
预约/预借
| 序号 | 登录号 | 条形码 | 馆藏地/架位号 | 状态 | 备注 |
| 1 | 420616 | 204206162 | 文学库116/ [索取号:I712.072/L670] | 在馆 | |
| 2 | 436780 | 204367808 | 文学库116/400B社科库 30排2列3层/ [索取号:I712.072/L670] | 在馆 | |
| 3 | 436781 | 204367817 | 文学库116/116文学库 25排3列2层/ [索取号:I712.072/L670] | 在馆 | |
| 4 | 436782 | 204367826 | 文学库116/ [索取号:I712.072/L670] |
已借出,限还日期为2023.12.23 借出人:吴来安 |